[Event "St Petersburg Blitz 2023"]
[Site "St Petersburg"]
[Date "2023.08.25"]
[Round "9"]
[White "Chernyuk, Mikhail"]
[Black "Kazhgaleyev, Murtas"]
[Result "1-0"]
[WhiteElo "2297"]
[BlackElo "2490"]
[PlyCount "81"]
[EventDate "2023.08.25"]
[EventType "game (blitz)"]
[EventRounds "11"]
[EventCountry "RUS"]
[SourceTitle "EXT 2024"]
[Source "ChessBase"]
[SourceDate "2023.10.10"]
[SourceVersion "1"]
[SourceVersionDate "2023.10.10"]
[SourceQuality "1"]

1. e4 e5 2. Nf3 Nc6 3. Bb5 a6 4. Bxc6 dxc6 5. Nc3 Qf6 6. d4 exd4 7. Qxd4 Qxd4 8. Nxd4 Bd7 9. Be3 Nf6 10. f3 c5 11. Nde2 0-0-0 12. 0-0-0 b6 13. Nf4 Re8 14. Rhe1 Bd6 15. h3 Bc6 16. Nfd5 Nd7 17. Bf4 Bxf4+ 18. Nxf4 Ne5 19. Nd3 Ng6 20. g3 Rhf8 21. f4 f6 22. h4 Nh8 23. e5 Nf7 24. exf6 gxf6 25. g4 Bf3 26. Rxe8+ Rxe8 27. Rg1 c4 28. Nb4 Nd6 29. Nbd5 Rf8 30. g5 fxg5 31. fxg5 Nf5 32. Nf6 Rf7 33. h5 h6 34. Rf1 hxg5 35. Rxf3 Rxf6 36. Nd5 g4 37. Rxf5 Rd6 38. Ne3 g3 39. Rg5 Rh6 40. Nf5 Rh7 41. Nxg3 1-0

[Event "Urals-ch 72nd"]
[Site "Tiumen"]
[Date "2014.03.26"]
[Round "7"]
[White "Chernyuk, Mikhail"]
[Black "Zorin, Alexander"]
[Result "1-0"]
[WhiteElo "2292"]
[BlackElo "2166"]
[PlyCount "63"]
[EventDate "2014.03.20"]
[EventType "swiss"]
[EventRounds "9"]
[EventCountry "RUS"]
[SourceTitle "CBM 159 Extra"]
[Source "ChessBase"]
[SourceDate "2014.04.24"]
[SourceVersion "1"]
[SourceVersionDate "2014.04.24"]
[SourceQuality "1"]

1. e4 d5 2. exd5 Nf6 3. d4 Nxd5 4. Nf3 g6 5. Be2 Bg7 6. 0-0 0-0 7. Re1 Nd7 8. c4 N5b6 9. Nc3 c5 10. d5 Ne5 11. Nxe5 Bxe5 12. Bf1 Nd7 13. Bh6 Re8 14. Qd2 f5 15. Nb5 a6 16. Rxe5 axb5 17. Qe3 Nf6 18. f3 b6 19. cxb5 Ra4 20. Rd1 Qd6 21. Re1 Kf7 22. b3 Rd4 23. Bc4 Re4 24. Rxe4 fxe4 25. Bf4 Qd8 26. fxe4 Kg7 27. Rf1 Qd7 28. h3 Qa7 29. e5 Ng8 30. e6 Qxa2 31. Qc3+ Nf6 32. Ra1 1-0

[Event "Urals-ch 72nd"]
[Site "Tiumen"]
[Date "2014.03.21"]
[Round "2"]
[White "Kitaev, Ilya"]
[Black "Chernyuk, Mikhail"]
[Result "1-0"]
[WhiteElo "2061"]
[BlackElo "2292"]
[PlyCount "115"]
[EventDate "2014.03.20"]
[EventType "swiss"]
[EventRounds "9"]
[EventCountry "RUS"]
[SourceTitle "CBM 159 Extra"]
[Source "ChessBase"]
[SourceDate "2014.04.24"]
[SourceVersion "1"]
[SourceVersionDate "2014.04.24"]
[SourceQuality "1"]

1. d4 Nf6 2. c4 e6 3. Nc3 c5 4. d5 exd5 5. cxd5 d6 6. Nf3 g6 7. Bf4 Bg7 8. Qa4+ Bd7 9. Qb3 Qc7 10. e3 0-0 11. h3 a6 12. a4 Re8 13. Nd2 Nh5 14. Bh2 f5 15. Be2 Nf6 16. Nc4 Bf8 17. Qb6 Qxb6 18. Nxb6 Ra7 19. Nc4 Ne4 20. Nxe4 Rxe4 21. Nxd6 Rb4 22. Nc4 Ra8 23. a5 Bg7 24. Nb6 Bxb2 25. Rd1 Rxb6 26. axb6 Ba4 27. Rb1 Bc3+ 28. Kf1 Nd7 29. g4 fxg4 30. hxg4 Bb4 31. Bc7 Bc2 32. Rc1 Bb3 33. g5 a5 34. Bb5 Bxd5 35. Rd1 Bxh1 36. Bc4+ Kh8 37. Rxd7 Bc3 38. Bd6 Rc8 39. Bxc5 h6 40. Rc7 Rd8 41. gxh6 Rd1+ 42. Ke2 Rd2+ 43. Kf1 Rd1+ 44. Ke2 Rd2+ 45. Kf1 Bf3 46. Kg1 Rd1+ 47. Bf1 Be2 48. Be7 Rxf1+ 49. Kg2 Be5 50. Rxb7 Bc4 51. Ra7 Ra1 52. f4 Bd5+ 53. Kg3 Bc3 54. Rc7 Bb2 55. b7 Rg1+ 56. Kf2 Bxb7 57. Rxb7 Rh1 58. Rxb2 1-0

[Event "Urals-ch 72nd"]
[Site "Tiumen"]
[Date "2014.03.20"]
[Round "1"]
[White "Chernyuk, Mikhail"]
[Black "Soloviov, Vitalii"]
[Result "1-0"]
[WhiteElo "2292"]
[BlackElo "1878"]
[PlyCount "55"]
[EventDate "2014.03.20"]
[EventType "swiss"]
[EventRounds "9"]
[EventCountry "RUS"]
[SourceTitle "CBM 159 Extra"]
[Source "ChessBase"]
[SourceDate "2014.04.24"]
[SourceVersion "1"]
[SourceVersionDate "2014.04.24"]
[SourceQuality "1"]

1. e4 c5 2. c3 Nf6 3. e5 Nd5 4. g3 e6 5. Bg2 Nc6 6. Nf3 d6 7. exd6 Bxd6 8. 0-0 0-0 9. d4 Qc7 10. Na3 a6 11. Nc4 b5 12. Nxd6 Qxd6 13. dxc5 Qxc5 14. Ng5 Bb7 15. Qc2 Nf6 16. Be3 Qe7 17. Rfd1 Rfd8 18. Ne4 Nxe4 19. Bxe4 h6 20. a4 b4 21. Bb6 Rxd1+ 22. Rxd1 bxc3 23. Qxc3 Rc8 24. Qc5 Qf6 25. Rd7 Ba8 26. Rc7 Rxc7 27. Bxc7 e5 28. Bd6 1-0

[Event "Voronezh op 16th"]
[Site "Voronezh"]
[Date "2012.06.14"]
[Round "3"]
[White "Smirnov, Pavel"]
[Black "Chernyuk, Mikhail"]
[Result "1-0"]
[WhiteElo "2610"]
[BlackElo "2254"]
[PlyCount "95"]
[EventDate "2012.06.12"]
[EventType "swiss"]
[EventRounds "9"]
[EventCountry "RUS"]
[SourceTitle "CBM 149 Extra"]
[Source "ChessBase"]
[SourceDate "2012.08.24"]
[SourceVersion "1"]
[SourceVersionDate "2012.08.24"]
[SourceQuality "1"]

1. e4 c5 2. Nf3 Nc6 3. Bb5 e6 4. 0-0 Nd4 5. Nxd4 cxd4 6. d3 Ne7 7. Nd2 Nc6 8. Nc4 Qc7 9. Qf3 d6 10. Qg3 Bd7 11. Bd2 0-0-0 12. c3 dxc3 13. Bxc3 f6 14. Rac1 d5 15. exd5 Qxg3 16. hxg3 exd5 17. Na5 Kb8 18. Nxc6+ Bxc6 19. Bxc6 bxc6 20. Ba5 Rc8 21. Rfe1 Kb7 22. Re6 Ka6 23. Bd2 Kb5 24. g4 h5 25. g5 fxg5 26. Re5 Bd6 27. Rxg5 Rc7 28. b3 Kb6 29. Re1 Bc5 30. Bc3 Rf7 31. Re2 Rh7 32. Rg6 Kb7 33. b4 Bb6 34. a4 a6 35. Be1 Bd4 36. Ree6 Bf6 37. Re8 h4 38. Kh2 Rh5 39. Kh3 Rf5 40. f3 Rf4 41. Rg4 Rxg4 42. Kxg4 Re7 43. Rxe7+ Bxe7 44. Kf5 Bf6 45. Ke6 Kb6 46. Bf2+ Kb7 47. Bc5 Kc7 48. f4 1-0

[Event "Voronezh op 16th"]
[Site "Voronezh"]
[Date "2012.06.13"]
[Round "2"]
[White "Chernyuk, Mikhail"]
[Black "Kareva, Natalia"]
[Result "1-0"]
[WhiteElo "2254"]
[BlackElo "2071"]
[PlyCount "93"]
[EventDate "2012.06.12"]
[EventType "swiss"]
[EventRounds "9"]
[EventCountry "RUS"]
[SourceTitle "CBM 149 Extra"]
[Source "ChessBase"]
[SourceDate "2012.08.24"]
[SourceVersion "1"]
[SourceVersionDate "2012.08.24"]
[SourceQuality "1"]

1. d4 Nf6 2. c4 g6 3. Nc3 d5 4. e3 Bg7 5. Nf3 c6 6. h3 Nbd7 7. Be2 b6 8. 0-0 0-0 9. cxd5 cxd5 10. Qb3 Bb7 11. Bd2 e6 12. Rac1 Ne4 13. Be1 Rc8 14. Qa4 a6 15. Qb3 Rc6 16. Bd3 Nd6 17. Qd1 Qc7 18. Ne2 Rxc1 19. Nxc1 Rc8 20. Ne2 Ne4 21. Nd2 Bh6 22. Nxe4 dxe4 23. Bb1 b5 24. Bd2 a5 25. Nc3 Nf6 26. Nxb5 Qb6 27. a4 Ba6 28. f3 e5 29. fxe4 Bxb5 30. axb5 exd4 31. Qe2 dxe3 32. Be1 Rc1 33. Ba2 Rc7 34. e5 Ne4 35. Kh1 Re7 36. Rf3 Qd4 37. e6 f5 38. Qc2 Kg7 39. Bxa5 Nf2+ 40. Kg1 Qd1+ 41. Qxd1 Nxd1 42. Rf1 Nf2 43. Bc3+ Kf8 44. Bc4 Bg7 45. Bb4 Bxb2 46. b6 Be5 47. b7 1-0

[Event "Urals-ch"]
[Site "Satka"]
[Date "2012.03.29"]
[Round "6"]
[White "Polschikov, Alexey"]
[Black "Chernyuk, Mikhail"]
[Result "1-0"]
[WhiteElo "2385"]
[BlackElo "2256"]
[PlyCount "83"]
[EventDate "2012.03.24"]
[EventType "swiss"]
[EventRounds "9"]
[EventCountry "RUS"]
[SourceTitle "CBM 147 Extra"]
[Source "ChessBase"]
[SourceDate "2012.04.24"]
[SourceVersion "1"]
[SourceVersionDate "2012.04.24"]
[SourceQuality "1"]

1. e4 c5 2. Nf3 Nc6 3. Nc3 g6 4. Bb5 Bg7 5. 0-0 Nd4 6. Nxd4 cxd4 7. Ne2 e6 8. c3 a6 9. Ba4 b5 10. Bc2 dxc3 11. dxc3 Ne7 12. Qd6 Nc6 13. Bf4 Qe7 14. Qc7 0-0 15. Bd6 Qd8 16. Qxd8 Rxd8 17. f4 Bf8 18. Rfd1 Bxd6 19. Rxd6 Na5 20. b3 Ra7 21. Nd4 Rc7 22. a4 bxa4 23. Rxa4 Nb7 24. Rdxa6 Rxc3 25. Ra8 d6 26. Ra2 Kg7 27. Rb8 Rd7 28. Nb5 Rc5 29. Bd3 Rc1+ 30. Bf1 Re7 31. Raa8 Nc5 32. Rxc8 Rb7 33. Ra5 Rd1 34. Nxd6 Rxb3 35. Ne8+ Kh6 36. Raxc5 Rbb1 37. g3 Rxf1+ 38. Kg2 Rfe1 39. Kf3 Rf1+ 40. Kg4 f5+ 41. Kh4 fxe4 42. Nf6 1-0

[Event "Urals-ch"]
[Site "Satka"]
[Date "2012.03.25"]
[Round "2"]
[White "Matveev, Vladimir A"]
[Black "Chernyuk, Mikhail"]
[Result "0-1"]
[WhiteElo "2323"]
[BlackElo "2256"]
[PlyCount "108"]
[EventDate "2012.03.24"]
[EventType "swiss"]
[EventRounds "9"]
[EventCountry "RUS"]
[SourceTitle "CBM 147 Extra"]
[Source "ChessBase"]
[SourceDate "2012.04.24"]
[SourceVersion "1"]
[SourceVersionDate "2012.04.24"]
[SourceQuality "1"]

1. d4 d5 2. c4 c6 3. Nf3 Nf6 4. e3 a6 5. Bd3 b5 6. cxd5 cxd5 7. a4 b4 8. Nbd2 e6 9. 0-0 Nbd7 10. a5 Bb7 11. Qe2 Ne4 12. Nb3 Bd6 13. Bd2 0-0 14. Rfc1 Qe7 15. Be1 h6 16. Ra4 Rfc8 17. Rxc8+ Bxc8 18. Nfd2 Bb7 19. Ra1 Kh8 20. Rc1 f5 21. Nf1 Kg8 22. f3 Nef6 23. Bg3 Bxg3 24. Nxg3 Qd6 25. Qd2 Bc6 26. Nc5 Nxc5 27. dxc5 Qe5 28. f4 Qb8 29. Ne2 Bb5 30. Nd4 Bxd3 31. Qxd3 Kf7 32. Qb3 Ne4 33. Qa4 Qc7 34. Qxb4 Rb8 35. Qa3 g5 36. g3 gxf4 37. exf4 Qb7 38. Rc2 Qb4 39. Qxb4 Rxb4 40. Nc6 Rb3 41. Kg2 Kf6 42. Ne5 d4 43. c6 Nd6 44. Nd7+ Ke7 45. Nb6 d3 46. Rd2 Kd8 47. Kf3 Ne4 48. Rd1 Kc7 49. Nc4 d2+ 50. Ke2 Kxc6 51. Ne5+ Kb5 52. Nd3 Kxa5 53. Nf2 Nxf2 54. Kxf2 Rxb2 0-1

[Event "Moscow op-A"]
[Site "Moscow"]
[Date "2012.02.04"]
[Round "8"]
[White "Mokshanov, Alexey"]
[Black "Chernyuk, Mikhail"]
[Result "1-0"]
[WhiteElo "2385"]
[BlackElo "2224"]
[PlyCount "51"]
[EventDate "2012.01.28"]
[EventType "swiss"]
[EventRounds "9"]
[EventCountry "RUS"]
[SourceTitle "CBM 146 Extra"]
[Source "ChessBase"]
[SourceDate "2012.02.29"]
[SourceVersion "1"]
[SourceVersionDate "2012.02.29"]
[SourceQuality "1"]

1. e4 c5 2. Nf3 Nc6 3. Bb5 e6 4. 0-0 a6 5. Bxc6 bxc6 6. d3 d5 7. c4 Nf6 8. Nc3 Be7 9. Qe2 0-0 10. b3 Qc7 11. Na4 Bb7 12. e5 Nd7 13. Ba3 Rae8 14. Rac1 d4 15. Rce1 Bc8 16. Nd2 Kh8 17. f4 f6 18. exf6 gxf6 19. Ne4 Qa7 20. Qh5 f5 21. Ng5 Nf6 22. Qh6 Bd6 23. h3 Ng8 24. Qh4 h6 25. Nf3 Rd8 26. Ne5 1-0

[Event "Izhevsk Corporation Cup-A 3rd"]
[Site "Izhevsk"]
[Date "2011.07.18"]
[Round "4"]
[White "Chernyuk, Mikhail"]
[Black "Chan, Naruna"]
[Result "1/2-1/2"]
[WhiteElo "2263"]
[BlackElo "1772"]
[PlyCount "81"]
[EventDate "2011.07.15"]
[EventType "swiss"]
[EventRounds "9"]
[EventCountry "RUS"]
[SourceTitle "CBM 143 Extra"]
[Source "ChessBase"]
[SourceDate "2011.08.29"]
[SourceVersion "1"]
[SourceVersionDate "2011.08.29"]
[SourceQuality "1"]

1. d4 d5 2. Nf3 Nf6 3. c4 e6 4. e3 Be7 5. Bd3 0-0 6. 0-0 Nbd7 7. Nbd2 c5 8. b3 b6 9. Bb2 Bb7 10. Qc2 h6 11. Rad1 Rc8 12. Qb1 cxd4 13. Nxd4 Nc5 14. Bc2 a6 15. cxd5 Nxd5 16. N2f3 Qc7 17. Rc1 Qb8 18. a3 Nf6 19. b4 Ncd7 20. Rfd1 Bd6 21. h3 Ne5 22. Nxe5 Bxe5 23. Bd3 b5 24. Nb3 Bxb2 25. Qxb2 Rfd8 26. Nc5 Kh8 27. Be2 Qa8 28. f3 Bc6 29. Kf2 Nd7 30. Nd3 Bd5 31. Nf4 Bc4 32. Bxc4 bxc4 33. Nh5 e5 34. Ng3 f6 35. Nf5 Nb6 36. Nd6 Rc7 37. Qc2 Rcd7 38. Ne4 a5 39. b5 Qa7 40. Rxd7 Qxd7 41. Nc3 1/2-1/2

[Event "Izhevsk Corporation Cup-A 3rd"]
[Site "Izhevsk"]
[Date "2011.07.16"]
[Round "2"]
[White "Chernyuk, Mikhail"]
[Black "Balashov, Yuri S"]
[Result "1/2-1/2"]
[WhiteElo "2263"]
[BlackElo "2440"]
[PlyCount "80"]
[EventDate "2011.07.15"]
[EventType "swiss"]
[EventRounds "9"]
[EventCountry "RUS"]
[SourceTitle "CBM 143 Extra"]
[Source "ChessBase"]
[SourceDate "2011.08.29"]
[SourceVersion "1"]
[SourceVersionDate "2011.08.29"]
[SourceQuality "1"]

1. d4 Nf6 2. Bg5 e6 3. Nd2 h6 4. Bh4 c5 5. e3 b6 6. Qf3 Nc6 7. Ne4 Be7 8. Nxf6+ Bxf6 9. Bxf6 Qxf6 10. Qxf6 gxf6 11. c3 Bb7 12. Nf3 Ke7 13. Be2 Rhg8 14. Rg1 Rac8 15. 0-0-0 cxd4 16. exd4 Na5 17. g3 Nc4 18. Nd2 Nd6 19. Bd3 f5 20. Kb1 Rg4 21. Rde1 Kf6 22. Be2 Rgg8 23. Bd3 Bd5 24. Rc1 Nc4 25. Nxc4 Bxc4 26. Bxc4 Rxc4 27. Kc2 d5 28. Kd3 b5 29. Rc2 Ra4 30. a3 h5 31. Ke3 Ra6 32. Rcc1 Rc6 33. Kd3 a5 34. h4 Ke7 35. Ke3 f6 36. f4 Kd6 37. Kd3 Rc7 38. Rg2 Rcg7 39. Rcg1 Rc8 40. Ke3 Rb7 1/2-1/2

[Event "Moscow op-E"]
[Site "Moscow"]
[Date "2011.02.04"]
[Round "7.107"]
[White "Kukhmazov, Arsen"]
[Black "Chernyuk, Mikhail"]
[Result "0-1"]
[WhiteElo "2074"]
[BlackElo "2240"]
[PlyCount "134"]
[EventDate "2011.01.29"]
[EventType "swiss"]
[EventRounds "9"]
[EventCountry "RUS"]
[SourceTitle "EXT 2022"]
[Source "ChessBase"]
[SourceDate "2021.10.06"]
[SourceVersion "1"]
[SourceVersionDate "2021.10.06"]
[SourceQuality "1"]

1. d4 d5 2. c4 e5 3. dxe5 d4 4. Nf3 Nc6 5. g3 Nge7 6. Bg2 Ng6 7. Nbd2 Ngxe5 8. 0-0 Be7 9. b3 Nxf3+ 10. Nxf3 0-0 11. Bb2 Bf6 12. Qd2 Qd6 13. Rad1 Rd8 14. Ng5 Qf8 15. Bd5 Rd7 16. Ne4 Be7 17. Qf4 Nb4 18. a3 Nxd5 19. cxd5 Rxd5 20. Rxd4 Rxd4 21. Bxd4 c5 22. Be5 Be6 23. Qe3 Rd8 24. f4 Bd5 25. Rc1 b6 26. Nd2 Qe8 27. a4 Bf8 28. Qf2 Qe6 29. Nc4 f6 30. f5 Qe7 31. Bb2 Qe4 32. Kf1 Bc6 33. Bc3 Bxa4 34. Nd2 Qh1+ 35. Qg1 Qxg1+ 36. Kxg1 Bc6 37. Kf2 b5 38. Ke3 Rd7 39. Rc2 Bb7 40. Ra2 a6 41. Kf2 Rd5 42. g4 Bd6 43. Nf3 Rd1 44. h4 c4 45. bxc4 Bc5+ 46. e3 Rc1 47. Bd4 Bxd4 48. Nxd4 Rxc4 49. Kg3 Kf7 50. Ne6 Bc8 51. Nf4 Ra4 52. Rc2 Bd7 53. Rc7 Ke7 54. Rb7 Kd6 55. Ne6 Bxe6 56. fxe6 Kxe6 57. Rxg7 h6 58. Rg6 b4 59. Rxh6 b3 60. g5 Rb4 61. Rxf6+ Ke7 62. Rf1 b2 63. Rb1 a5 64. h5 a4 65. h6 a3 66. h7 Rb8 67. Kf2 a2 0-1

[Event "Moscow op-E"]
[Site "Moscow"]
[Date "2011.02.03"]
[Round "6.128"]
[White "Chernyuk, Mikhail"]
[Black "Goryachkina, Aleksandra"]
[Result "1-0"]
[WhiteElo "2240"]
[BlackElo "2045"]
[PlyCount "101"]
[EventDate "2011.01.29"]
[EventType "swiss"]
[EventRounds "9"]
[EventCountry "RUS"]
[SourceTitle "EXT 2022"]
[Source "ChessBase"]
[SourceDate "2021.10.06"]
[SourceVersion "1"]
[SourceVersionDate "2021.10.06"]
[SourceQuality "1"]

1. e4 c5 2. Ne2 Nc6 3. g3 d5 4. Bg2 dxe4 5. Bxe4 Nf6 6. Bg2 Bf5 7. d3 Qd7 8. h3 e5 9. Nbc3 Be7 10. Be3 Nb4 11. g4 Be6 12. Qd2 Nfd5 13. 0-0-0 Nxc3 14. Nxc3 Nd5 15. Kb1 0-0-0 16. Nxd5 Bxd5 17. f4 exf4 18. Bxf4 Rhe8 19. Bxd5 Qxd5 20. Qa5 Bd6 21. Rhf1 Kb8 22. Bxd6+ Rxd6 23. Rf5 Qe6 24. Qxc5 Rc6 25. Qb4 Qe2 26. Rc1 f6 27. Rd5 Qh2 28. Rd7 Rc7 29. Rxc7 Qxc7 30. Re1 Rxe1+ 31. Qxe1 Qh2 32. Qe8+ Kc7 33. Qe7+ Kc6 34. Qe6+ Kc7 35. a4 Qxh3 36. Qe7+ Kc6 37. Qxg7 Qf1+ 38. Ka2 Qf4 39. Kb3 a5 40. c3 Qf1 41. Ka2 Qxd3 42. Qxf6+ Kc7 43. Qe5+ Kc8 44. Qc5+ Kb8 45. Qe5+ Kc8 46. Qe8+ Kc7 47. Qb5 Qd1 48. Qc5+ Kb8 49. Qe5+ Ka8 50. Qh8+ Ka7 51. Qd4+ 1-0

[Event "Moscow op-E"]
[Site "Moscow"]
[Date "2011.01.30"]
[Round "2"]
[White "Chernyuk, Mikhail"]
[Black "Kryakvin, Dmitry"]
[Result "1/2-1/2"]
[WhiteElo "2240"]
[BlackElo "2586"]
[PlyCount "108"]
[EventDate "2011.01.29"]
[EventType "swiss"]
[EventRounds "9"]
[EventCountry "RUS"]
[SourceTitle "CBM 140 Extra"]
[Source "ChessBase"]
[SourceDate "2011.03.01"]
[SourceVersion "1"]
[SourceVersionDate "2011.03.01"]
[SourceQuality "1"]

1. e4 c5 2. Nf3 Nc6 3. d4 cxd4 4. Nxd4 Nf6 5. Nc3 d6 6. Bg5 e6 7. Qd2 Be7 8. 0-0-0 0-0 9. f3 Nxd4 10. Qxd4 a6 11. h4 b5 12. Kb1 Bb7 13. a3 Rc8 14. Qd2 Rc6 15. Ne2 Nd7 16. Nd4 Rc8 17. Bxe7 Qxe7 18. Nb3 d5 19. f4 Nb6 20. e5 Nc4 21. Qb4 Qc7 22. Nd4 Qb6 23. Rh3 Rc5 24. Nb3 Rc7 25. Nd4 Rfc8 26. Ka2 h6 27. g4 a5 28. Qxb5 Qa7 29. Qb3 Ba6 30. Qf3 Qb6 31. Bxc4 Bxc4+ 32. Ka1 Rb8 33. b3 a4 34. b4 Rbc8 35. Qf2 Ba6 36. Qd2 Rc4 37. Kb2 Qc7 38. c3 Qe7 39. h5 Kh8 40. Rg1 f6 41. Re1 Rf8 42. exf6 Qxf6 43. Nxe6 Re8 44. Nd4 Re4 45. g5 hxg5 46. Rxe4 dxe4 47. fxg5 Qf1 48. Rh2 Rc8 49. h6 Bd3 50. Nc2 Qf7 51. hxg7+ Kxg7 52. Nd4 Qf1 53. Nc2 Qf7 54. Nd4 Be2 1/2-1/2

[Event "Voronezh op-B 14th"]
[Site "Voronezh"]
[Date "2010.06.21"]
[Round "9"]
[White "Potapov, Alexander"]
[Black "Chernyuk, Mikhail"]
[Result "1/2-1/2"]
[WhiteElo "2186"]
[BlackElo "2123"]
[PlyCount "50"]
[EventDate "2010.06.12"]
[EventType "swiss"]
[EventRounds "9"]
[EventCountry "RUS"]
[SourceTitle "CBM 137 Extra"]
[Source "ChessBase"]
[SourceDate "2010.09.01"]
[SourceVersion "1"]
[SourceVersionDate "2010.09.01"]
[SourceQuality "1"]

1. e4 c5 2. Nf3 Nc6 3. d4 cxd4 4. Nxd4 e5 5. Nb5 d6 6. c4 Nf6 7. N5c3 Be7 8. Bd3 0-0 9. 0-0 Nd7 10. b3 Nc5 11. Bb2 Bg5 12. Na3 Bh6 13. Nc2 a5 14. Qe2 Qh4 15. Rad1 Be6 16. Nb5 Rad8 17. Bc3 g6 18. f3 a4 19. g3 Qe7 20. b4 Nd7 21. Nba3 Rc8 22. Kg2 Bg7 23. Bd2 f5 24. Be3 Nf6 25. Bb6 fxe4 1/2-1/2

[Event "Voronezh op-B 14th"]
[Site "Voronezh"]
[Date "2010.06.12"]
[Round "1"]
[White "Bargandzhiya, Zaza"]
[Black "Chernyuk, Mikhail"]
[Result "0-1"]
[WhiteElo "1803"]
[BlackElo "2123"]
[PlyCount "71"]
[EventDate "2010.06.12"]
[EventType "swiss"]
[EventRounds "9"]
[EventCountry "RUS"]
[SourceTitle "CBM 137 Extra"]
[Source "ChessBase"]
[SourceDate "2010.09.01"]
[SourceVersion "1"]
[SourceVersionDate "2010.09.01"]
[SourceQuality "1"]

1. e4 d5 2. exd5 Qxd5 3. Nc3 Qa5 4. Nf3 Nf6 5. d4 c6 6. Be2 Bf5 7. 0-0 e6 8. a3 Nbd7 9. b4 Bxb4 10. Nb1 0-0 11. Bb2 Bd6 12. Nh4 Be4 13. f3 Bg6 14. Nxg6 hxg6 15. Nd2 Qg5 16. Nc4 Bf4 17. Bc1 Nd5 18. Bxf4 Nxf4 19. g3 Rad8 20. Qd2 Nxe2+ 21. Qxe2 Nf6 22. Qe5 Qh6 23. Rfd1 Nd5 24. Rd3 Rd7 25. Na5 Ne7 26. c4 Rfd8 27. Rad1 c5 28. Nb3 cxd4 29. Rxd4 Nc6 30. Rxd7 Rxd7 31. Qe2 Rxd1+ 32. Qxd1 Qe3+ 33. Kg2 Qc3 34. Nc5 Qxa3 35. Ne4 Qb2+ 36. Kh3 0-1

[Event "EU School-ch U15"]
[Site "Thessaloniki"]
[Date "2010.04.10"]
[Round "8"]
[White "Chernyuk, Mikhail"]
[Black "Hatzihrisafis, Dimos"]
[Result "1-0"]
[WhiteElo "2121"]
[BlackElo "1662"]
[PlyCount "69"]
[EventDate "2010.04.05"]
[EventType "swiss"]
[EventRounds "9"]
[EventCountry "GRE"]
[SourceTitle "CBM 136 Extra"]
[Source "ChessBase"]
[SourceDate "2010.07.02"]
[SourceVersion "2"]
[SourceVersionDate "2010.07.15"]
[SourceQuality "1"]

1. c4 c5 2. g3 e6 3. Bg2 Nf6 4. Nf3 Be7 5. 0-0 0-0 6. d4 cxd4 7. Nxd4 d6 8. Nc3 a6 9. b3 Qc7 10. Bb2 Bd7 11. e4 Nc6 12. Rc1 Rac8 13. Nc2 Qb8 14. Qe2 Na7 15. f4 Bc6 16. Nd4 Nd7 17. Nd5 Bxd5 18. exd5 e5 19. Nf5 Bf6 20. Ba3 Nc5 21. b4 Nd7 22. b5 Rc5 23. Bxc5 Nxc5 24. fxe5 Bxe5 25. bxa6 Nxa6 26. Rce1 Qc7 27. Ne3 Re8 28. Kh1 Bc3 29. Rd1 Qc5 30. Qf3 Qc7 31. Ng4 Be5 32. Nxe5 Rxe5 33. Rfe1 Qe7 34. Rxe5 Qxe5 35. Qf2 1-0

[Event "EU School-ch U15"]
[Site "Thessaloniki"]
[Date "2010.04.09"]
[Round "7"]
[White "Chernyuk, Mikhail"]
[Black "Fataliyeva, Ulviyya Hasil Qizi"]
[Result "1-0"]
[WhiteElo "2121"]
[BlackElo "1974"]
[PlyCount "71"]
[EventDate "2010.04.05"]
[EventType "swiss"]
[EventRounds "9"]
[EventCountry "GRE"]
[SourceTitle "CBM 136 Extra"]
[Source "ChessBase"]
[SourceDate "2010.07.02"]
[SourceVersion "2"]
[SourceVersionDate "2010.07.15"]
[SourceQuality "1"]

1. e4 e5 2. Bc4 Nf6 3. d3 h6 4. Nf3 Nc6 5. c3 Bc5 6. Qe2 a6 7. Nbd2 0-0 8. Bb3 Ba7 9. Nc4 d6 10. h3 Be6 11. g4 b5 12. Ne3 Bxb3 13. axb3 d5 14. Nf5 dxe4 15. dxe4 Nh7 16. h4 Qd7 17. Rg1 Qe6 18. Nh2 Ne7 19. Nxe7+ Qxe7 20. g5 hxg5 21. hxg5 g6 22. Bd2 Qe6 23. 0-0-0 Kg7 24. Ng4 Rh8 25. Rg3 Bc5 26. f4 Qxb3 27. f5 Rhd8 28. Rd3 a5 29. Bf4 Rxd3 30. Bxe5+ Kf8 31. Qxd3 Qc4 32. fxg6 Qxd3 33. g7+ Ke7 34. Rxd3 Bd6 35. Bxd6+ cxd6 36. Nf6 1-0

[Event "EU School-ch U15"]
[Site "Thessaloniki"]
[Date "2010.04.09"]
[Round "6"]
[White "Pirverdiyev, Agil"]
[Black "Chernyuk, Mikhail"]
[Result "1-0"]
[WhiteElo "1978"]
[BlackElo "2121"]
[PlyCount "81"]
[EventDate "2010.04.05"]
[EventType "swiss"]
[EventRounds "9"]
[EventCountry "GRE"]
[SourceTitle "CBM 136 Extra"]
[Source "ChessBase"]
[SourceDate "2010.07.02"]
[SourceVersion "2"]
[SourceVersionDate "2010.07.15"]
[SourceQuality "1"]

1. e4 d5 2. exd5 Qxd5 3. Nc3 Qa5 4. d4 Nf6 5. Nf3 c6 6. Bc4 Bf5 7. Ne5 e6 8. g4 Be4 9. 0-0 Bd5 10. Nxd5 cxd5 11. Bd3 Nc6 12. c3 Nxe5 13. dxe5 Nd7 14. f4 0-0-0 15. Qe2 Qb6+ 16. Kh1 Kb8 17. f5 Nc5 18. Be3 Qc6 19. Bb5 Qc7 20. Qg2 Ne4 21. Bd3 Bc5 22. Bf4 Qc6 23. Rae1 h5 24. fxe6 Qxe6 25. c4 Nf2+ 26. Rxf2 Bxf2 27. Qxf2 hxg4 28. c5 Ka8 29. b4 f6 30. Bg3 fxe5 31. Rxe5 Qh6 32. Qe3 Qf6 33. b5 Rc8 34. Bf5 d4 35. Qxd4 Rcd8 36. Qxg4 Rd2 37. Qe4 Qf7 38. Re7 Rd1+ 39. Be1 Rxe1+ 40. Qxe1 Qh5 41. Qe2 1-0

[Event "EU School-ch U15"]
[Site "Thessaloniki"]
[Date "2010.04.07"]
[Round "4"]
[White "Chernyuk, Mikhail"]
[Black "Liodakis, Konstantinos Spyros"]
[Result "1-0"]
[WhiteElo "2121"]
[BlackElo "1896"]
[PlyCount "67"]
[EventDate "2010.04.05"]
[EventType "swiss"]
[EventRounds "9"]
[EventCountry "GRE"]
[SourceTitle "CBM 136 Extra"]
[Source "ChessBase"]
[SourceDate "2010.07.02"]
[SourceVersion "2"]
[SourceVersionDate "2010.07.15"]
[SourceQuality "1"]

1. e4 e6 2. d3 d5 3. Nd2 Nf6 4. g3 c5 5. Bg2 Nc6 6. Ngf3 Be7 7. 0-0 Qc7 8. Re1 b6 9. c3 Bb7 10. Qe2 h6 11. Nf1 dxe4 12. dxe4 0-0-0 13. e5 Nd7 14. N1d2 g5 15. Nc4 Nf8 16. h3 Ng6 17. a4 a6 18. b4 cxb4 19. Be3 Bc5 20. cxb4 Nxb4 21. Rec1 Nd3 22. Rc3 Bxf3 23. Bxf3 Ngxe5 24. Bxc5 bxc5 25. Rb1 Nxc4 26. Rxc4 Ne5 27. Rc3 Nxf3+ 28. Rxf3 Rd6 29. Rfb3 Rhd8 30. Kh2 f5 31. Qb2 Qc6 32. Rb8+ Kc7 33. Rb7+ Kc8 34. Ra7 1-0